Hertfordshire Places - Sudden Death - Statistics

General Stats
  • This quiz has been taken 56 times
  • The average score is 12 of 16
Answers on the Grid
Answers color-coded by a green-red scale on the quiz's grid according to % correct below.
Letchworth Garden City
Abingdon
Baldock
Bedford
Berkhamsted
Bishop's Stortford
Bridgwater
Bromsgrove
Burnley
Crawley
Harpenden
Hatfield
Hemel Hempstead
Hertford
High Wycombe
Hitchin
Melton Mowbray
Potters Bar
Royston
Sleaford
St. Albans
St. Neots
Stevenage
Stourbridge
Swindon
Ware
Watford
Welwyn Garden City
Weymouth
Winchester
Withernsea
Woking
 
Answer Stats
Answer % Correct
Hertford
88%
Hemel Hempstead
85%
Hatfield
83%
Potters Bar
83%
St. Albans
83%
Stevenage
83%
Welwyn Garden City
83%
Hitchin
78%
Watford
78%
Letchworth Garden City
75%
Harpenden
73%
Berkhamsted
68%
Bishop's Stortford
68%
Ware
65%
Baldock
53%
Royston
53%
No matching quizzes found
Score Distribution
Percent of People with Each Score
Percentile by Number Answered
Your Score History
You have not taken this quiz